Name the Tallest Roller Coasters in the World - Statistics

General Stats
  • This quiz has been taken 32 times
  • The average score is 8 of 11
Answer Stats
Hint Answer % Correct
456.0 ft Kingda Ka
96%
325.0 ft Fury 325
85%
420.0 ft Top Thrill 2
85%
310.0 ft Millennium Force
81%
367.3 ft Red Force
81%
287.0 ft Orion
78%
306.0 ft Leviathan
74%
415.0 ft Superman: Escape from Krypton
70%
305.0 ft Intimidator 305
67%
318.2 ft Steel Dragon 2000
56%
262.5 ft Thunder Dolphin
19%
No matching quizzes found
Score Distribution
Percent of People with Each Score
Percentile by Number Answered
Your Score History
You have not taken this quiz